| 000 | 00000nam##2200000za#4500 |
| 001 | 9.603452 |
| 003 | CaOODSP |
| 005 | 20210624211100 |
| 007 | cr ||||||||||| |
| 008 | 150406|2005||||xxc|||||o f|0| 0 fre|d |
| 040 | |aCaOODSP|bfre |
| 043 | |an-cn--- |
| 086 | 1 |aBT31-4/44-2005F-PDF |
| 110 | 1 |aCanada. |bConseil du trésor. |
| 245 | 10|aTribunal canadien des droits de la personne - 2004-2005 rapport ministériel sur le rendement |h[ressource électronique] |
| 260 | |aOttawa - Ontario : |bSecrétariat du Conseil du Trésor du Canada |c[2005]. |
| 300 | |a34p.|bgraphique, organigramme, tableaux |
| 490 | 1 |aRapport sur le rendement pour la période se terminant le 31 mars 2005 |
| 590 | |a12-06-Supp|b2012-03-07 |
| 775 | 08|tCanadian Human Rights Tribunal, 2004-2005 departmental performance report |w(CaOODSP)9.573243 |
| 776 | 0#|tCanadian Human Rights Tribunal |w(CaOODSP)9.541832 |
| 776 | 0#|tTribunal canadien des droits de la personne |w(CaOODSP)9.541833 |
| 830 | #0|aRapport sur le rendement pour la période se terminant le 31 mars 2005.|w(CaOODSP)9.502661 |
| 856 | 40|ahttp://publications.gc.ca|qPDF|s152 Ko|uhttps://publications.gc.ca/collections/collection_2012/sct-tbs/BT31-4-44-2005-fra.pdf |